000 00652nam a2200229Ia 4500
005 20241129115547.0
008 241129s9999||||xx |||||||||||||| ||und||
020 _a9783111030968
037 _aTB
040 _aSDCL
_beng
_cSDCL
041 _aeng
_2eng
084 _aB43 R3
_qSDCL
100 _aGarcia-Falset Jesus; Latrach Khalid
_9727755
245 0 _aNonlinear functional analysis and applications
260 _aBerlin
_bBerlin De Gruyter
_c2023
300 _axv,447p.
365 _aEUR
_b164.95
490 _aNonlinear analysis and applications Volume 41
650 _aGift
942 _cTB
_hB43 R3
999 _c1230987
_d1230987